Cristianos en busca de una Iglesia : el movimiento ecuménico y Roma, con documentos y adiciones sociográficas /

Estudios de la búsqueda laboriosa y difícil de la unidad por parte de los cristianos no católicos. Propone una mayor compresión y respeto por parte de los católicos para lograr la unidad cristiana, problema que se hizo más palpable a partir del Concilio Vaticano II, cuando se fundó el Secretariado p...

Πλήρης περιγραφή

Αποθηκεύτηκε σε:
Λεπτομέρειες βιβλιογραφικής εγγραφής
Κύριος συγγραφέας: Michael, J.P (autor)
Άλλοι συγγραφείς: Bea, Augustin (presentación) (presentación), González Morfín, Efraín (traducción) (traducción)
Μορφή: Βιβλίο
Γλώσσα:Ισπανικά
Έκδοση: México : Jus, 1962, c1961
Θέματα:
Ετικέτες: Προσθήκη ετικέτας
Δεν υπάρχουν, Καταχωρήστε ετικέτα πρώτοι!

MARC

LEADER 00000nam^a2200000^a^4500
001 000185314
005 20250521000000.0
009 20260310102147.905
037 |a Acervo ITESO - Biblioteca 
041 |a ESP 
082 |a 262. 0011  |b MIC 
100 |a Michael, J.P.  |e (autor) 
245 1 0 |a Cristianos en busca de una Iglesia :  |b el movimiento ecuménico y Roma, con documentos y adiciones sociográficas /  |c J.P. Michael ; presen. de A. Bea ; tr. por E. González Morfín. 
264 4 |a México :  |b Jus,  |c 1962, c1961 
300 |a 266 p. 
336 |a texto  |b txt  |2 rdacontenido 
337 |a sin mediación  |b n  |2 rdamedio 
338 |a volumen  |b nc  |2 rdasoporte 
500 |a Traducción de: Christen suchen eine Kirche 
520 |a Estudios de la búsqueda laboriosa y difícil de la unidad por parte de los cristianos no católicos. Propone una mayor compresión y respeto por parte de los católicos para lograr la unidad cristiana, problema que se hizo más palpable a partir del Concilio Vaticano II, cuando se fundó el Secretariado para la Unión de los Cristianos. 
649 |a XX 
650 |a Ecumenismo -  |x Tema Principal 
650 |a Unidad Cristiana 
650 |a Concilio Vaticano, 1962-1965 
650 |a Concilios y Sínodos 
650 |a Consejo Mundial de Iglesias 
650 |a Iglesia Católica -  |x Historia -  |y Papa, 1963-1978 (Paulo VI) 
650 |a Cristianismo 
650 |a Religión 
700 |a Bea, Augustin  |e (presentación) 
700 |a González Morfín, Efraín  |e (traducción) 
910 |a Fondo General 
920 |a Impresos - Libros 
930 |a Colección General 
905 |a 101 
901 |a 0500126723  |b IT1  |c ACC  |u 20250521 
902 |a https://opac.biblio.iteso.mx/vufind/Record/000185314